Statistics for Female Versions of Male Names #1

Click here to take the quiz!

General Stats

  • This quiz has been taken 1,271 times
    (1,047 since last reset)
  • The average score is 20 of 28

Answer Stats

HintAnswer% Correct
DanielDanielle
94%
AngelAngela
92%
EricErica
92%
PaulPaula
92%
ClaudeClaudette
90%
AlbertAlberta
88%
JosephJosephine
88%
VictorVictoria
87%
RobertRoberta
85%
LouisLouise
83%
AndrewAndrea
75%
JackJackie
74%
JustinJustine
74%
MaxMaxine
74%
StephenStephanie
74%
BrianBrianna
73%
CharlesCharlotte
71%
HarryHarriet
71%
GeraldGeraldine
70%
JudeJudith
68%
NicholasNicole
66%
NormanNorma
66%
DonaldDonna
62%
ShawnShawna
59%
FrankFrancesca
54%
BernardBernadette
53%
RaymondRamona
19%
MarkMarcia
16%

Score Distribution

Percentile by Number Answered

Percent of People with Each Score

Your Score History

You have not taken this quiz since the last reset